000 00702nam a2200229 4500
001 6126
010 _a9789720706300
090 _a6126
100 _a20260122d2017 u||y0pory50 ba
200 _aPrincesa Olívia
_gadapt.Rita Amaral
210 _aPorto
_cPorto editora
_d2017
215 _a 29 p.
_cil.
225 _aTesouro de Princesas
330 _aJunta-te à princesa Olívia e ajuda-a a escolher um vestido novo. Encontrará ela o vestido perfeito?
606 _914
_aLiteratura infantil
606 _913
_aLiteratura Estrangeira
675 _a82-93
_vBN
_zpor
675 _a821.1/.8
_vBN
_zpor
702 _94963
_aAmaral
_bRita
801 _aPT
_bBMVN
_gRPC
830 _cAna Caetano
_d22/01/2026
990 _cLIVROS